Normal view MARC view

Entry Personal Name

Number of records used in: 1

001 - CONTROL NUMBER

  • control field: 820355

003 - CONTROL NUMBER IDENTIFIER

  • control field: OSt

005 - DATE AND TIME OF LATEST TRANSACTION

  • control field: 20250908160933.0

008 - FIXED-LENGTH DATA ELEMENTS

  • fixed length control field: 250908|| aca||aabn | a|a d

040 ## - CATALOGING SOURCE

  • Original cataloging agency: OSt
  • Transcribing agency: OSt

100 ## - HEADING--PERSONAL NAME

  • Personal name: रज़ा, राही मासूम, ले

670 ## - SOURCE DATA FOUND

  • Source citation: Work cat.: (OSt)1226623: रज़ा, राही मासूम, ले., कटरा बी आर्ज़ू, 2017
Copyright @ Delhi University Library System